ბათუმის შოთა რუსთაველის სახელმწიფო უნივერსიტეტის ბიბლიოთეკა

Решение проблем по методикам спецслужб : (ბიბ.ჩანაწერი № 62550)

000 -LEADER
fixed length control field 00630nam a22001697a 4500
005 - DATE AND TIME OF LATEST TRANSACTION
control field 20250131113436.0
008 - FIXED-LENGTH DATA ELEMENTS--GENERAL INFORMATION
fixed length control field 241205s2017 ru ||||| |||| 00| 0 rus d
020 ## - INTERNATIONAL STANDARD BOOK NUMBER
International Standard Book Number 9785001006602x
041 ## - LANGUAGE CODE
Language code of text/sound track or separate title rus
080 ## - UNIVERSAL DECIMAL CLASSIFICATION NUMBER
Universal Decimal Classification number 159.955 Д-42
100 ## - MAIN ENTRY--PERSONAL NAME
Personal name Джонс, Морган
9 (RLIN) 23867
245 ## - TITLE STATEMENT
Title Решение проблем по методикам спецслужб :
Remainder of title 14 мощных инструментов /
Statement of responsibility, etc. Джонс Морган.
264 ## - PRODUCTION, PUBLICATION, DISTRIBUTION, MANUFACTURE, AND COPYRIGHT NOTICE
Place of production, publication, distribution, manufacture Москва :
Name of producer, publisher, distributor, manufacturer Манн, Иванов и Фербер,
Date of production, publication, distribution, manufacture, or copyright notice 2017.
300 ## - PHYSICAL DESCRIPTION
Extent 432 стр.;
Other physical details 23 см.
653 ## - INDEX TERM--UNCONTROLLED
keyword ფსიქოლოგია
942 ## - ADDED ENTRY ELEMENTS (KOHA)
Source of classification or shelving scheme
Koha item type წიგნი
ეგზემპლარები
Withdrawn status Lost status Source of classification or shelving scheme Damaged status Not for loan Permanent Location Current Location Shelving location Date acquired Cost, normal purchase price Full call number Barcode Date last seen Copy number Price effective from Koha item type Public note
          ბათუმის შოთა რუსთაველის სახელმწიფო უნივერსიტეტის მთავარი ბიბლიოთეკა ბათუმის შოთა რუსთაველის სახელმწიფო უნივერსიტეტის მთავარი ბიბლიოთეკა წიგნსაცავი 2024-12-05 360.00 159.955 Д-42 69916 2024-12-05 69916 2024-12-05 წიგნი 360 ლ.